Score 0/14 Timer 10:00
0 Plays Today
Hint Answer % Correct
2015Fury 325
100%
2019Copperhead Strike
93.3%
1980Carolina Cyclone
93.3%
2004Nighthawk
86.7%
1992Vortex
86.7%
1999Afterburn
80%
2010Intimidator
80%
Hint Answer % Correct
2009The Flying Cobras
80%
1994Hurler
73.3%
1975Woodstock Express
73.3%
1973Carolina Goldrusher
60%
2003Kiddy Hawk
60%
2002Ricochet
60%
1998Wilderness Run
60%
Remove Ads.
Support Sporcle.
Get the best of Sporcle when you Go Orange. This ad-free experience offers more features, more stats, and more fun while also helping to support Sporcle. Thank you for becoming a member.

You're not logged in!

Compare scores with friends on all Sporcle quizzes.
OR
Log In

Show Comments

Extras

Created Sep 24, 2019ReportNominate
Tags:carolina, Coaster, Roller

Top Quizzes Today


Score Distribution

Your Account Isn't Verified!

In order to create a playlist on Sporcle, you need to verify the email address you used during registration. Go to your Sporcle Settings to finish the process.

Report this User

Report this user for behavior that violates our Community Guidelines.

Details: